000 00317nam a22001337a 4500
020 _a81-87834-51-X
082 _a920
_bRAM/G
100 _aRAMAN,RAJEE
245 _aGREAT LIVES- MESSENGERS OF GOD
260 _aCHENNAI
_bSEASONS PUBLISHING HOUSE
300 _a115
650 _aMESSENGERS OF GOD
_zCHENNAI
942 _cBK
999 _c6359
_d6359